Tribhuvan University Central Library

Information system for planning and control: concepts and cases (Record no. 59373)

MARC details
000 -LEADER
fixed length control field 00481 a2200157 4500
082 ## - DEWEY DECIMAL CLASSIFICATION NUMBER
Classification number 006
Item number H535i
100 ## - MAIN ENTRY--PERSONAL NAME
Personal name Higgins, J.C.
9 (RLIN) 19978
245 ## - TITLE STATEMENT
Title Information system for planning and control: concepts and cases
260 ## - PUBLICATION, DISTRIBUTION, ETC.
Place of publication, distribution, etc. London
Name of publisher, distributor, etc. Edward, Arnold
Date of publication, distribution, etc. 1976
300 ## - PHYSICAL DESCRIPTION
Extent vii,247p. illus.
650 ## - SUBJECT ADDED ENTRY--TOPICAL TERM
Topical term or geographic name entry element Information storage and retrieval systems
650 ## - SUBJECT ADDED ENTRY--TOPICAL TERM
Topical term or geographic name entry element Marketing of information
9 (RLIN) 19979
650 ## - SUBJECT ADDED ENTRY--TOPICAL TERM
Topical term or geographic name entry element Computer systems
9 (RLIN) 333
653 ## - INDEX TERM--UNCONTROLLED
Uncontrolled term Information theory
942 ## - ADDED ENTRY ELEMENTS (KOHA)
Source of classification or shelving scheme Dewey Decimal Classification
Koha item type General Collections

No items available.